000 00419pab a2200169 454500
008 180718b2011 xxu||||| |||| 00| 0 eng d
100 _aBardhan, Pranab
245 _aOur self-righteous civil society
260 _c2011
300 _ap.16-18.
362 _a16 Jul
650 _aNongovernmental organizations
650 _aCivil society
773 _aEconomic and Political Weekly
908 _aN
909 _a92531
999 _c92531
_d92531